=LDR 00000nam 2200000 4500 =001 INLIS000000000027470 =005 20130612125837 =008 ***********************************Ind** =035 ##$$0010-061300000027470 =041 ##$$a Ind =082 ##$$a 398.959824 =090 ##$$a 398.959824, Ikr a =100 ##$$a Ikranegara,Tira =245 ##$$a Asal mula kota Banyuwangi dan dongeng lainnya, Tira Ikranegara =260 ##$$a 2006 $b [s.l] =300 ##$$a 96 hlm, ilus, 20 cm =650 ##$$a Dongeng Banyuwangi =850 ##$$a NBPNMAT =990 ##$$a 17621762 =990 ##$$a 20703946